Ochrana majetku v socialistickom vlastníctve z aspektu investičnej výstavby záverečná práca postgraduálneho štúdia

Guardado en:
Detalles Bibliográficos
Autor principal: Kebísek, Vít
Autor Corporativo: Vysoká škola ekonomická v Bratislave
Otros Autores: Mamojka, Mojmír
Formato: Libro
Lenguaje:eslovaco
Publicado: Bratislava 1990
Etiquetas: Agregar Etiqueta
Sin Etiquetas, Sea el primero en etiquetar este registro!

MARC

LEADER 00000nam a2200000 4500
001 c037466
005 20221215071024.8
041 0 |a slo 
044 |a SK 
245 1 0 |a Ochrana majetku v socialistickom vlastníctve z aspektu investičnej výstavby  |b záverečná práca postgraduálneho štúdia  |c Vít Kebísek ; ved. práce Mojmír Mamojka 
264 1 |a Bratislava  |c 1990 
300 |a 38 s. 
100 1 |a Kebísek, Vít 
700 1 |a Mamojka, Mojmír 
710 2 |a Vysoká škola ekonomická v Bratislave